000 00533nam a22001817a 4500
005 20251108165453.0
008 250721s9999 xx 000 0 ara d
082 1 4 _aم/720.028542/نبي
100 1 _aحسن، نبيل
245 1 0 _aالكمبيوتر و العمارة /
264 1 _aبيروت :
_bدار الراتب الجامعية،
_c[19-].
300 _a537ص : مص
490 0 _aالموسوعة المعماريه
650 1 7 _aالعمارة
650 1 7 _aالحواسيب
942 _2ddc
_cREF
999 _c28698
_d28698